AMERICA LATINA: UNA VISION ESTRUCTURALISTA/

Na minha lista:
Detalhes bibliográficos
Autor principal: Pinto, Aníbal (autor)
Formato: Livro
Colecção:(América Latina)
Assuntos:
Tags: Adicionar Tag
Sem tags, seja o primeiro a adicionar uma tag!

MARC

LEADER 00000nam^a2200000^a^4500
001 000224123
005 20250521000000.0
009 20260310104038.04
020 |a 968-36-2161-9 
035 |a 043004 
037 |a Acervo Xavier Clavigero 
082 |a 330. 98  |b PIN 
100 |a Pinto, Aníbal  |e (autor) 
245 1 0 |a AMERICA LATINA:  |b UNA VISION ESTRUCTURALISTA/  |c ANIBAL PINTO 
264 |a México :  |b UNAM, Facultad de Economía,  |c 1991 
300 |a 660p. 
336 |a texto  |b txt  |2 rdacontenido 
337 |a sin mediación  |b n  |2 rdamedio 
338 |a volumen  |b nc  |2 rdasoporte 
440 |a (América Latina) 
649 |a XX 
650 |a Iberoamérica -  |x Condiciones Económicas 
650 |a Política -  |z Iberoamérica 
910 |a Fondo General 
920 |a Impresos - Libros 
930 |a Colección General 
905 |a 101 
901 |a 043004  |b IT1  |c ACC  |i 043004  |u 20250521 
902 |a https://opac.biblio.iteso.mx/vufind/Record/000224123